| Tag |
First Indicator |
Second Indicator |
Subfields |
| LEADER |
00000nam a2200000 i 4500 |
| 001 |
in00004582813 |
| 006 |
m o d |
| 007 |
cr ||||||||||| |
| 008 |
210709s2022 inu ob 001 0 eng |
| 005 |
20220620132319.1 |
| 010 |
|
|
|a 2021028666
|
| 020 |
|
|
|a 9780253058645
|q electronic book
|
| 020 |
|
|
|a 0253058643
|q electronic book
|
| 020 |
|
|
|a 9780253058638
|q electronic book
|
| 020 |
|
|
|a 0253058635
|q electronic book
|
| 020 |
|
|
|z 9780253058652
|q paperback
|
| 020 |
|
|
|z 9780253058669
|q hardcover
|
| 035 |
|
|
|a (DLC)jstor22573/CTV21XP292
|
| 040 |
|
|
|a NhCcYBP
|c NhCcYBP
|
| 042 |
|
|
|a pcc
|
| 043 |
|
|
|a e-pl---
|
| 050 |
|
4 |
|a DS134.55
|b .P57 2022
|
| 082 |
0 |
0 |
|a 943.8/004924
|2 23
|
| 100 |
1 |
|
|a Plocker, Anat,
|e author.
|
| 245 |
1 |
4 |
|a The expulsion of Jews from communist Poland :
|b memory wars and homeland anxieties /
|c Anat Plocker.
|
| 264 |
|
1 |
|a Bloomington, Indiana :
|b Indiana University Press,
|c [2022]
|
| 300 |
|
|
|a 1 online resource.
|
| 336 |
|
|
|a text
|b txt
|2 rdacontent
|
| 337 |
|
|
|a computer
|b c
|2 rdamedia
|
| 338 |
|
|
|a online resource
|b cr
|2 rdacarrier
|
| 490 |
1 |
|
|a The modern Jewish experience
|
| 504 |
|
|
|a Includes bibliographical references and index.
|
| 505 |
0 |
|
|a Preface -- List of abbreviations -- Introduction -- From inclusion to exclusion -- Not to be trusted -- The encyclopedia and "the falsification of history" -- We, the students -- "To Warsaw students" -- "Zionism is not a danger to Poland" -- Conclusion -- Index.
|
| 588 |
|
|
|a Description based on online resource; title from digital title page (viewed on February 25, 2022).
|
| 650 |
|
0 |
|a Jews
|z Poland
|x History
|y 20th century.
|
| 650 |
|
0 |
|a Antisemitism
|z Poland
|x History
|y 20th century.
|
| 650 |
|
0 |
|a Communism
|z Poland
|x History
|y 20th century.
|
| 651 |
|
0 |
|a Poland
|x History
|y March Events, 1968.
|
| 651 |
|
0 |
|a Poland
|x Politics and government
|y 1945-1980.
|
| 647 |
|
7 |
|a March Events
|c (Poland :
|d 1968)
|2 fast
|0 (OCoLC)fst02015385
|
| 648 |
|
7 |
|a 1900-1999
|2 fast
|
| 655 |
|
7 |
|a Electronic books.
|2 local
|
| 776 |
1 |
8 |
|i Print version:
|a Plocker, Anat.
|t Expulsion of Jews from communist Poland
|d Bloomington : Indiana University Press, 2022
|z 9780253058652
|w (DLC) 2021028665
|
| 830 |
|
0 |
|a Modern Jewish experience (Bloomington, Ind.)
|
| 856 |
4 |
0 |
|u http://proxy.library.tamu.edu/login?url=https://www.jstor.org/stable/10.2307/j.ctv21zp28z
|z Connect to the full text of this electronic book
|t 0
|
| 955 |
|
|
|a JSTOR DDA record
|
| 999 |
f |
f |
|s db927f78-6359-4044-91dc-af18a120d825
|i db927f78-6359-4044-91dc-af18a120d825
|t 0
|
| 952 |
f |
f |
|a Texas A&M University
|b College Station
|c Electronic Resources
|d Available Online
|t 0
|e DS134.55 .P57 2022
|h Library of Congress classification
|
| 998 |
f |
f |
|a DS134.55 .P57 2022
|t 0
|l Available Online
|